LEADER 02081nam a2200313 a 4500 001 000000077296 003 CaOOAMICUS 005 20120509110110.0 008 040126s1863 fr u000 u lat r 035 $a10982185 040 $aPUL(R)$bita 041 1 $alat$agrc 100 0 $aTheophanes,$cConfessor,$dc. 752-c. 817.$0(OLS)http://pul/name/51395 245 14$aTou en aghiois patros emon Theophanous, Hegoumenou tou agrou kai Omologetou Chronographia =$bS.P.N. Theophanis Abbatis Agri et Confessoris Chronographia /$ccui accedunt Leonis Grammatici (et al...) historiarum sui temporis quae supersunt ; coronidis vice ponitur Godefridi Henschenii dissertatio ... ; accurante et denuo recognoscente J.-P. Migne. 246 30$aS.P.N. Theophanis Abbatis Agri et Confessoris Chronographia 260 $aLutetiae Parisiorum :$bexcudebatur et venit apud J.-P. Migne editorem,$c1861. 300 $a1492 col. ;$c27 cm 490 1 $aPatrologiae cursus completus.$aSeries graeca posterior ;$v108 700 1 $aMigne, Jacques Paul,$csac.,$d1800-1875.$0(OLS)http://pul/name/4478 700 0 $aLeo Diaconus,$dc. 950-c. 991/992.$0(OLS)http://pul/name/51396 700 02$aTheophanes,$cConfessor,$dc. 752-c. 817.$tChronographia.$lLatino e greco.$0(OLS)http://pul/nameTitle/1651$0(OLS)http://pul/name/51395$0(OLS)http://pul/title/162708 830 0$aPatrologiae cursus completus.$pSeries graeca posterior ;$v108.$0(OLS)http://pul/title/101121 850 $aPUL 852 $aPUL$W1$xSL Cons. Gen., Altre Classi 1$y1$m2002 A 1.108$j99325$nBK-PRI$qStampati$B99325$CPULBib$Z2$F99325 $82 900 $aLeone Diacono,$dc. 950-c. 991/992$951396 941 1 $a8 996 $6246$aS.P.N. Theophanis Abbatis Agri et Confessoris Chronographia$9(OLS)http://pul/title/162707 996 $6245$aTou en aghiois patros emon Theophanous, Hegoumenou tou agrou kai Omologetou Chronographia =$bS.P.N. Theophanis Abbatis Agri et Confessoris Chronographia$9(OLS)http://pul/title/101359 996 $6260$aLutetiae Parisiorum :$bexcudebatur et venit apud J.-P. Migne editorem$9(OLS)http://pul/publisher/50224 LEADER 01060nam a2200265 a 4500 001 000000169337 003 CaOOAMICUS 005 20180921122131.0 008 180921s1968 it 000 u ita r 032 $aLibriCat 040 $aPul$bita 100 1 $aPavese, Cesare,$d1908-1950.$0(OLS)http://pul/name/65424 245 10$aLettere 1926-1950 / $cCesare Pavese ; a cura di Lorenzo Mondo e Italo Calvino. 260 $aTorino :$bEinaudi,$cİ1968. 300 $av. ;$c20 cm. 490 1 $aOpere di Cesare Pavese ;$v14 700 1 $aCalvino, Italo,$d1923-1985.$0(OLS)http://pul/name/38596 700 1 $aMondo, Lorenzo.$0(OLS)http://pul/name/109063 830 0$aOpere di Cesare Pavese ;$v14.$0(OLS)http://pul/title/209924 850 $aPUL 852 $aPUL$W1$xDP1 Fondo Dalla Palma$y117$m9 G 86$j192441$bv.1$qFondi$B197318$CPULBib$Z2$F197318 $HDal1080 $81 941 1 $a1 996 $6245$aLettere 1926-1950 / $9(OLS)http://pul/title/209923 996 $6260$aTorino :$bEinaudi$9(OLS)http://pul/publisher/48130